[Event "Mittelrhein Verbandsliga-S 18/19"]
[Site "Nordrheinwestfalen"]
[Date "2019.05.05"]
[Round "10.6"]
[White "Budzyn, Marcus"]
[Black "Kossack, Philipp"]
[Result "0-1"]
[WhiteElo "1947"]
[BlackElo "1916"]
[PlyCount "86"]
[EventDate "2018.09.02"]
[EventType "team-tourn"]
[EventRounds "11"]
[EventCountry "GER"]
[SourceTitle "EXT 2022"]
[Source "ChessBase"]
[SourceDate "2021.10.06"]
[SourceVersion "1"]
[SourceVersionDate "2021.10.06"]
[SourceQuality "1"]
[WhiteTeam "Troisdorf"]
[BlackTeam "Porz SG IV"]
[WhiteTeamCountry "GER"]
[BlackTeamCountry "GER"]

1. Nf3 d6 2. d4 Nf6 3. g3 g6 4. Bg2 Bg7 5. 0-0 0-0 6. Nbd2 Nbd7 7. e4 e5 8. c3 Re8 9. Re1 exd4 10. cxd4 a5 11. Nh4 c5 12. Nc4 Nb6 13. Nxb6 Qxb6 14. d5 c4 15. h3 Nd7 16. Qc2 Qc7 17. Bd2 b5 18. Rac1 Ba6 19. Bc3 Ne5 20. Bd4 Rac8 21. Bf1 Nd3 22. Bxd3 Bxd4 23. Be2 Qa7 24. Bg4 Rc7 25. Kg2 h5 26. Bd1 c3 27. b3 Bg7 28. f4 Bd4 29. Nf3 Be3 30. Rb1 b4 31. e5 dxe5 32. fxe5 Bb7 33. d6 Rd7 34. Kh2 Bd2 35. Rf1 Ba6 36. Rg1 Be3 37. Re1 Bf2 38. Re4 Bb7 39. Rf4 Rxe5 40. Be2 Qe3 41. Bc4 Rg5 42. Rxf7 Bxg3+ 43. Kh1 Rxf7 0-1

[Event "Mittelrhein Verbandsliga-S 17/18"]
[Site "Nordrheinwestfalen"]
[Date "2018.02.25"]
[Round "8.4"]
[White "Neubauer, Juergen"]
[Black "Kossack, Philipp"]
[Result "1-0"]
[WhiteElo "2045"]
[BlackElo "1939"]
[PlyCount "53"]
[EventDate "2017.09.10"]
[EventType "team-tourn"]
[EventRounds "11"]
[EventCountry "GER"]
[SourceTitle "EXT 2022"]
[Source "ChessBase"]
[SourceDate "2021.10.06"]
[SourceVersion "1"]
[SourceVersionDate "2021.10.06"]
[SourceQuality "1"]
[WhiteTeam "Euskirchen Turm"]
[BlackTeam "Porz SG III"]
[WhiteTeamCountry "GER"]
[BlackTeamCountry "GER"]

1. e4 c5 2. Nf3 d6 3. d4 cxd4 4. Nxd4 Nf6 5. Nc3 a6 6. Be2 e5 7. Nb3 Be7 8. 0-0 Be6 9. Kh1 Nbd7 10. f4 exf4 11. Bxf4 Ne5 12. Nd4 Qd7 13. Qe1 Ng6 14. Qg3 Nxf4 15. Rxf4 g5 16. Rf2 h5 17. Raf1 h4 18. Qe3 Nh5 19. Bxh5 Rxh5 20. Nd5 Bxd5 21. exd5 g4 22. Nf5 0-0-0 23. Qxe7 g3 24. Qxd7+ Rxd7 25. Rf4 h3 26. hxg3 f6 27. c4 1-0

[Event "Mittelrhein Verbandsliga-S 17/18"]
[Site "Nordrheinwestfalen"]
[Date "2017.12.03"]
[Round "5.6"]
[White "Rokitta, Uwe"]
[Black "Kossack, Philipp"]
[Result "1-0"]
[WhiteElo "1790"]
[BlackElo "1939"]
[PlyCount "91"]
[EventDate "2017.09.10"]
[EventType "team-tourn"]
[EventRounds "11"]
[EventCountry "GER"]
[SourceTitle "EXT 2022"]
[Source "ChessBase"]
[SourceDate "2021.10.06"]
[SourceVersion "1"]
[SourceVersionDate "2021.10.06"]
[SourceQuality "1"]
[WhiteTeam "Lohmar"]
[BlackTeam "Porz SG III"]
[WhiteTeamCountry "GER"]
[BlackTeamCountry "GER"]

1. e4 c5 2. d4 cxd4 3. c3 dxc3 4. Nxc3 Nc6 5. Nf3 d6 6. Bc4 Nf6 7. e5 dxe5 8. Qxd8+ Nxd8 9. Nb5 Be6 10. Nc7+ Kd7 11. Nxa8 Nc6 12. Bxe6+ fxe6 13. 0-0 g6 14. Rd1+ Nd5 15. Ng5 Bg7 16. Nc7 Kxc7 17. Nxe6+ Kd6 18. Nxg7 Nd4 19. Bh6 Rg8 20. f4 Ne2+ 21. Kf2 Nexf4 22. g3 Ne6 23. Nxe6 Kxe6 24. Be3 g5 25. a3 g4 26. Ke2 b6 27. Rac1 Kd6 28. Rf1 h5 29. Rf5 Rh8 30. Bd2 h4 31. Be1 h3 32. Bc3 Rg8 33. Bxe5+ Kd7 34. Bf4 Nf6 35. Rc7+ Kd8 36. Rxa7 Rg6 37. Bc7+ Kc8 38. Bxb6 Nd7 39. Be3 Rd6 40. Rg5 Nf6 41. Rc5+ Kd8 42. Rb5 Ke8 43. Re5 e6 44. Bc5 Rc6 45. Re7+ Kd8 46. R7xe6 1-0

[Event "Mittelrhein Verbandsliga-S 17/18"]
[Site "Nordrheinwestfalen"]
[Date "2017.10.22"]
[Round "3.5"]
[White "Kossack, Philipp"]
[Black "Hennig, Edgar Paul"]
[Result "1-0"]
[WhiteElo "1939"]
[BlackElo "1830"]
[PlyCount "53"]
[EventDate "2017.09.10"]
[EventType "team-tourn"]
[EventRounds "11"]
[EventCountry "GER"]
[SourceTitle "EXT 2022"]
[Source "ChessBase"]
[SourceDate "2021.10.06"]
[SourceVersion "1"]
[SourceVersionDate "2021.10.06"]
[SourceQuality "1"]
[WhiteTeam "Porz SG III"]
[BlackTeam "Satranc Club"]
[WhiteTeamCountry "GER"]
[BlackTeamCountry "GER"]

1. d4 d5 2. c4 e6 3. Nc3 Nf6 4. cxd5 exd5 5. Bg5 Nbd7 6. e3 c6 7. Bd3 Be7 8. Qc2 h6 9. Bh4 0-0 10. Nge2 Re8 11. f3 Nf8 12. Bf2 Bd7 13. g4 N6h7 14. h4 g6 15. 0-0-0 c5 16. dxc5 Bxc5 17. Nxd5 Qa5 18. Nec3 Rac8 19. Kb1 Be6 20. e4 Bxd5 21. Nxd5 Nd7 22. Be1 Qd8 23. Bc3 Bd4 24. Bb5 Bxc3 25. Nxc3 Nhf8 26. Qa4 Qe7 27. Bxd7 1-0

[Event "Mittelrhein Verbandsliga-O 15/16"]
[Site "Nordrheinwestfalen"]
[Date "2016.05.01"]
[Round "11"]
[White "Kossack, Philipp"]
[Black "Nerstheimer, Rolf"]
[Result "1/2-1/2"]
[WhiteElo "1932"]
[BlackElo "1973"]
[PlyCount "83"]
[EventDate "2015.09.06"]
[EventType "team-tourn"]
[EventRounds "11"]
[EventCountry "GER"]
[SourceTitle "EXT 2022"]
[Source "ChessBase"]
[SourceDate "2021.10.06"]
[SourceVersion "1"]
[SourceVersionDate "2021.10.06"]
[SourceQuality "1"]
[WhiteTeam "Porz SG IV"]
[BlackTeam "Bruehl III"]
[WhiteTeamCountry "GER"]
[BlackTeamCountry "GER"]

1. e4 d6 2. d4 g6 3. Nf3 Bg7 4. c4 Nc6 5. Nc3 e5 6. d5 Nce7 7. Bd3 h6 8. Nd2 f5 9. exf5 gxf5 10. Qh5+ Kf8 11. Nb3 Nf6 12. Qe2 a6 13. f4 e4 14. Bc2 c6 15. dxc6 bxc6 16. Bd2 d5 17. 0-0-0 Be6 18. cxd5 cxd5 19. Nd4 Qd6 20. Nxe6+ Qxe6 21. Be3 h5 22. h3 h4 23. Bc5 Rc8 24. Qf2 Kf7 25. Bb3 Rhd8 26. Bxe7 Qxe7 27. Qxh4 Kf8 28. Kb1 d4 29. Ne2 Qb4 30. Ng3 Rc5 31. Nh5 Rd6 32. Nxg7 Kxg7 33. Qg5+ Kf8 34. Qh6+ Ke7 35. Qg7+ Kd8 36. Qf8+ Kc7 37. Qg7+ Nd7 38. Rc1 Rdc6 39. Be6 Rxc1+ 40. Rxc1 Rxc1+ 41. Kxc1 Qe1+ 42. Kc2 1/2-1/2

[Event "Mittelrhein Regionalliga 15/16"]
[Site "Nordrheinwestfalen"]
[Date "2015.11.15"]
[Round "3.6"]
[White "Mays, Stephan"]
[Black "Kossack, Philipp"]
[Result "0-1"]
[WhiteElo "2029"]
[BlackElo "1951"]
[PlyCount "94"]
[EventDate "2015.09.27"]
[EventType "team-tourn"]
[EventRounds "9"]
[EventCountry "GER"]
[SourceTitle "EXT 2022"]
[Source "ChessBase"]
[SourceDate "2021.10.06"]
[SourceVersion "1"]
[SourceVersionDate "2021.10.06"]
[SourceQuality "1"]
[WhiteTeam "Koeln Ford SF"]
[BlackTeam "Porz SG III"]
[WhiteTeamCountry "GER"]
[BlackTeamCountry "GER"]

1. c4 e5 2. Nc3 Nc6 3. g3 f5 4. Bg2 Nf6 5. e3 d5 6. cxd5 Nb4 7. d4 e4 8. Qb3 Nfxd5 9. Nxd5 Nxd5 10. a3 Bd6 11. Ne2 Be6 12. Qc2 a5 13. Nf4 Bxf4 14. exf4 Nb6 15. 0-0 Bc4 16. Re1 0-0 17. Bf1 Bxf1 18. Rxf1 Rf6 19. Be3 Rc6 20. Qe2 Nd5 21. b4 axb4 22. axb4 Rxa1 23. Rxa1 Nc3 24. Qb2 Qd5 25. Ra8+ Kf7 26. Ra5 b5 27. Kg2 Rc4 28. Qa1 h5 29. h3 Qd7 30. Ra7 Nd5 31. Bd2 Nxb4 32. Bxb4 Rxb4 33. Qd1 g6 34. d5 Qd6 35. Qc2 Rc4 36. Qb2 Qxd5 37. Qh8 e3+ 38. Kh2 e2 39. Qh7+ Kf6 40. Qh8+ Ke7 41. Qg7+ Qf7 42. Qe5+ Qe6 43. Qg7+ Kd6 44. Ra6+ c6 45. Qf8+ Qe7 46. Qb8+ Kd5 47. Ra3 e1Q 0-1

[Event "Mittelrhein Verbandsliga-O 15/16"]
[Site "Nordrheinwestfalen"]
[Date "2015.10.18"]
[Round "3"]
[White "Kossack, Philipp"]
[Black "Thiel, Kuno"]
[Result "0-1"]
[WhiteElo "1951"]
[BlackElo "2087"]
[PlyCount "94"]
[EventDate "2015.09.06"]
[EventType "team-tourn"]
[EventRounds "11"]
[EventCountry "GER"]
[SourceTitle "EXT 2022"]
[Source "ChessBase"]
[SourceDate "2021.10.06"]
[SourceVersion "1"]
[SourceVersionDate "2021.10.06"]
[SourceQuality "1"]
[WhiteTeam "Porz SG IV"]
[BlackTeam "Hennef"]
[WhiteTeamCountry "GER"]
[BlackTeamCountry "GER"]

1. d4 Nf6 2. c4 e6 3. Nc3 Bb4 4. Qc2 c5 5. dxc5 Nc6 6. Nf3 0-0 7. a3 Bxc5 8. b4 Be7 9. e3 b6 10. Be2 Bb7 11. 0-0 Rc8 12. Rd1 Qc7 13. Bb2 a5 14. Nb5 Qb8 15. bxa5 Nxa5 16. Be5 Qa8 17. Bd6 Bxd6 18. Nxd6 Rc5 19. Qb2 Rb8 20. Qxb6 Bxf3 21. Bxf3 Rxb6 22. Bxa8 Kf8 23. Rab1 Rxb1 24. Rxb1 Ke7 25. Nb7 Nxb7 26. Bxb7 Rxc4 27. Ra1 Ra4 28. Kf1 Ng4 29. Ke2 Ne5 30. f4 Nc4 31. Bf3 d5 32. Kd3 Kd6 33. Bd1 Rxa3+ 34. Rxa3 Nxa3 35. e4 Nb5 36. exd5 exd5 37. Bf3 Kc5 38. h4 Nd4 39. Bg4 Nc6 40. h5 Nb4+ 41. Kd2 Kd4 42. Bf5 h6 43. g4 f6 44. Bg6 Na6 45. Bh7 Nc5 46. Bf5 Ne4+ 47. Ke1 Ke3 0-1

[Event "Cologne Longerich op-A 12th"]
[Site "Cologne"]
[Date "2015.08.01"]
[Round "3"]
[White "Ringeltaube, Denny"]
[Black "Kossack, Philipp"]
[Result "1/2-1/2"]
[WhiteElo "1733"]
[BlackElo "1984"]
[PlyCount "97"]
[EventDate "2015.07.31"]
[EventType "tourn"]
[EventRounds "5"]
[EventCountry "GER"]
[SourceTitle "EXT 2017"]
[Source "ChessBase"]
[SourceDate "2016.10.25"]
[SourceVersion "1"]
[SourceVersionDate "2016.10.25"]
[SourceQuality "1"]

1. d4 Nf6 2. Nf3 g6 3. g3 Bg7 4. Bg2 0-0 5. 0-0 d6 6. c4 Na6 7. Nc3 c5 8. Re1 Qc7 9. d5 Nd7 10. e4 Nb6 11. Qe2 f6 12. Bf4 Nd7 13. Rab1 g5 14. Bd2 Nb6 15. Nd1 Nb4 16. Bxb4 cxb4 17. b3 Bg4 18. Ne3 Bh5 19. g4 Bf7 20. Nd4 Nd7 21. Nef5 Ne5 22. Qe3 Nxg4 23. Qh3 Ne5 24. Nxg7 Kxg7 25. f4 Qc5 26. Rbd1 Ng6 27. Kh1 Nh4 28. Rg1 Qc8 29. Qg3 h6 30. Bh3 Qc7 31. Qxh4 Rh8 32. fxg5 hxg5 33. Qg3 Rh7 34. Be6 Rah8 35. Rg2 Bg6 36. Bf5 Bxf5 37. Nxf5+ Kf7 38. Nd4 Rh3 39. Qg4 R3h4 40. Qe6+ Ke8 41. Nf5 R4h7 42. Nd4 Qc5 43. Qf5 a6 44. Qg6+ Kd7 45. Qf5+ Ke8 46. Rf2 Rh4 47. Qg6+ Kd7 48. Qf5+ Ke8 49. Qg6+ 1/2-1/2

[Event "Cologne Longerich op 09th"]
[Site "Cologne"]
[Date "2012.08.03"]
[Round "1"]
[White "Kossack, Philipp"]
[Black "Stupp, Gereon"]
[Result "1/2-1/2"]
[WhiteElo "1637"]
[BlackElo "1431"]
[PlyCount "106"]
[EventDate "2012.08.03"]
[EventType "tourn"]
[EventRounds "5"]
[EventCountry "GER"]
[SourceTitle "EXT 2017"]
[Source "ChessBase"]
[SourceDate "2016.10.25"]
[SourceVersion "1"]
[SourceVersionDate "2016.10.25"]
[SourceQuality "1"]

1. d4 d5 2. c4 e6 3. Nc3 Nf6 4. cxd5 exd5 5. Bg5 Nbd7 6. e3 Be7 7. Bd3 c6 8. Nge2 0-0 9. 0-0 Re8 10. a3 Nf8 11. Rb1 a5 12. Qc2 g6 13. f3 Ne6 14. Bh4 Ng7 15. Bf2 Bd6 16. e4 dxe4 17. fxe4 Ng4 18. e5 Bc7 19. h3 Nxf2 20. Rxf2 Be6 21. Ne4 Rf8 22. Rbf1 Bb6 23. Nc5 Qe7 24. Ng3 Bxc5 25. dxc5 Bd5 26. Qc3 Ne6 27. b4 axb4 28. axb4 Ra7 29. Ra1 Rfa8 30. Rff1 Ra2 31. Rxa2 Rxa2 32. Rf2 Rxf2 33. Kxf2 Nf4 34. Be4 Qh4 35. Kf1 Bxe4 36. Nxe4 Nd5 37. Nf6+ Nxf6 38. exf6 Qf4+ 39. Kg1 h6 40. g3 Qf5 41. h4 g5 42. Qd4 g4 43. Qf4 Qb1+ 44. Kf2 Qc2+ 45. Ke3 Qc3+ 46. Ke4 Qc4+ 47. Ke3 Qc3+ 48. Ke2 Qc2+ 49. Ke1 Qb1+ 50. Kd2 Qb2+ 51. Kd3 Qb3+ 52. Ke4 Qc4+ 53. Ke3 Qc3+ 1/2-1/2

[Event "Mittelrhein Verbandsliga-O 1112"]
[Site "Germany"]
[Date "2011.09.18"]
[Round "1"]
[White "Kossack, Philipp"]
[Black "Hackbusch, Thomas"]
[Result "0-1"]
[WhiteElo "1649"]
[BlackElo "1839"]
[PlyCount "52"]
[EventDate "2011.09.18"]
[EventType "team-tourn"]
[EventRounds "11"]
[EventCountry "GER"]
[SourceTitle "EXT 2013"]
[Source "ChessBase"]
[SourceDate "2012.11.22"]
[SourceVersion "1"]
[SourceVersionDate "2012.11.22"]
[SourceQuality "1"]
[WhiteTeam "Erftstadt SV"]
[BlackTeam "Koeln Porz III"]
[WhiteTeamCountry "GER"]
[BlackTeamCountry "GER"]

1. d4 Nf6 2. Nf3 g6 3. c4 Bg7 4. Nc3 d6 5. e4 0-0 6. Bd3 Bg4 7. h3 Bxf3 8. Qxf3 Nc6 9. Ne2 Nd7 10. Qe3 e5 11. d5 Nd4 12. Nxd4 exd4 13. Qe2 Re8 14. 0-0 Qh4 15. Kh2 Nc5 16. g3 Qe7 17. Re1 f5 18. f3 fxe4 19. Bxe4 Qf6 20. h4 h6 21. Bf4 d3 22. Qd2 Qxb2 23. Bxh6 Qxd2+ 24. Bxd2 Bxa1 25. Rxa1 Nxe4 26. fxe4 Rxe4 0-1